000 01332nam a22002417a 4500
999 _c2607
_d2607
003 OSt
005 20230731113017.0
008 230731b ||||| |||| 00| 0 eng d
020 _a9781108816670
040 _cKH8
082 _a428.24 BAR
100 _aBarker, Chris,
_eauthor.
245 _aCambridge Global English :
_bLearner's Book 9 /
_cChris Barker.
250 _aSecond edition
260 _aCambridge:
_bCambridge University Press:
_c2022.
300 _a208 pages,
_bcolour illustrations,
_c8.3 x 0.5 x 10.8 inches.
500 _aIncludes digital access
520 _aWith international cross-curricular topics, from responsible tourism and wellbeing to endangered species and social media, the series helps you develop the skills to study across the curriculum in English. Packed with literature and oracy activities, the course helps you become confident communicators. Step-by-step writing activities with models support you to develop your writing, while tip boxes help with language and skills. Each unit ends with a ‘Project Challenge’ where you will work together on cross-curricular projects like designing a technology timeline, developing collaboration and critical thinking skills.
650 _aSecond language
650 _aForeign language
700 _aMitchell, Libby,
_eauthor.
942 _2ddc
_cTR